[Event "HUN-chT2 Toth 1617"]
[Site "Hungary"]
[Date "2016.11.13"]
[Round "4.3"]
[White "Borus, Andras"]
[Black "Nagy, Robert2222"]
[Result "1/2-1/2"]
[WhiteElo "2068"]
[BlackElo "1982"]
[PlyCount "23"]
[EventDate "2016.09.25"]
[EventType "team-tourn"]
[EventRounds "11"]
[EventCountry "HUN"]
[SourceTitle "EXT 2021"]
[Source "ChessBase"]
[SourceDate "2020.10.23"]
[SourceVersion "1"]
[SourceVersionDate "2020.10.23"]
[SourceQuality "1"]
[WhiteTeam "Szeged Maroczy II"]
[BlackTeam "Gyula"]
[WhiteTeamCountry "HUN"]
[BlackTeamCountry "HUN"]

1. Nf3 d5 2. g3 c5 3. d3 Nf6 4. Bg2 Bf5 5. Nbd2 Nc6 6. 0-0 e6 7. a3 Be7 8. Qe1 Nd4 9. Nxd4 cxd4 10. c4 dxc3 11. bxc3 Qd7 12. Nf3 1/2-1/2

[Event "HUN-chT2 Toth 1617"]
[Site "Hungary"]
[Date "2016.09.25"]
[Round "1.7"]
[White "Abraham, Zoltan"]
[Black "Borus, Andras"]
[Result "0-1"]
[WhiteElo "1935"]
[BlackElo "2068"]
[PlyCount "108"]
[EventDate "2016.09.25"]
[EventType "team-tourn"]
[EventRounds "11"]
[EventCountry "HUN"]
[SourceTitle "EXT 2021"]
[Source "ChessBase"]
[SourceDate "2020.10.23"]
[SourceVersion "1"]
[SourceVersionDate "2020.10.23"]
[SourceQuality "1"]
[WhiteTeam "Szentes Integral"]
[BlackTeam "Szeged Maroczy II"]
[WhiteTeamCountry "HUN"]
[BlackTeamCountry "HUN"]

1. d4 Nf6 2. Nf3 g6 3. Bf4 Bg7 4. e3 d6 5. Bd3 Nbd7 6. c3 0-0 7. h4 Qe8 8. Bc4 e5 9. dxe5 Nxe5 10. Bxe5 dxe5 11. Ng5 Qc6 12. Qb3 Qxg2 13. Rf1 h6 14. Nxf7 Kh7 15. Nd2 Bg4 16. Nxe5 Bh5 17. Be2 Bxe2 18. Kxe2 Nh5 19. Nd3 Ng3+ 20. Ke1 Nxf1 21. Nxf1 Rae8 22. Rd1 Re7 23. Qc2 h5 24. Nc5 Bh6 25. Rd7 Rff7 26. Rxe7 Rxe7 27. Qd2 b6 28. Qd8 Rf7 29. Nd3 c5 30. c4 b5 31. b3 Bg7 32. Qd6 bxc4 33. bxc4 Rf5 34. Nf4 Qg4 35. Ng3 Rf6 36. Qd3 Rb6 37. Nge2 Qxh4 38. Qe4 Qf6 39. Kf1 Qa1+ 40. Kg2 Qe5 41. Qd3 Qg5+ 42. Kf1 h4 43. Nh3 Qg4 44. Nef4 Be5 45. Qe4 Bg7 46. Qd3 Kh6 47. Ng1 Be5 48. Nd5 Rb2 49. e4 Rxa2 50. Qe3+ Kg7 51. Nf3 Bd4 52. Qb3 Rxf2+ 53. Ke1 Qxe4+ 54. Kd1 Qe2+ 0-1

[Event "HUN-chT2 Toth 1415"]
[Site "Hungary"]
[Date "2014.11.16"]
[Round "4.5"]
[White "Borus, Andras"]
[Black "Nagy, Dani Karoly"]
[Result "1-0"]
[WhiteElo "2060"]
[BlackElo "1907"]
[PlyCount "73"]
[EventDate "2014.09.07"]
[EventType "team-tourn"]
[EventRounds "11"]
[EventCountry "HUN"]
[SourceTitle "EXT 2016"]
[Source "ChessBase"]
[SourceDate "2015.10.08"]
[SourceVersion "1"]
[SourceVersionDate "2015.10.08"]
[SourceQuality "1"]
[WhiteTeam "Maroczy II"]
[BlackTeam "Roszke"]
[WhiteTeamCountry "HUN"]
[BlackTeamCountry "HUN"]

1. e4 e6 2. d3 d5 3. Nd2 b6 4. Ngf3 Bb7 5. g3 Nd7 6. Bg2 Ngf6 7. e5 Ng4 8. Qe2 c5 9. 0-0 Be7 10. c3 Qc7 11. Re1 Nh6 12. Nf1 Nf5 13. Bf4 g6 14. N1d2 h6 15. g4 Ng7 16. c4 g5 17. Bg3 h5 18. h3 Nf8 19. cxd5 Bxd5 20. Ne4 Bxe4 21. Qxe4 Rc8 22. Qe3 hxg4 23. hxg4 Ng6 24. Nxg5 Nh4 25. Bh1 Ngf5 26. gxf5 Nxf5 27. Qf4 Bxg5 28. Qxg5 Rxh1+ 29. Kxh1 Qc6+ 30. Kg1 Kd7 31. Qf6 Rf8 32. Re4 Qd5 33. Rd1 Qxa2 34. Rf4 Nd4 35. Rxd4+ cxd4 36. Qg7 Rd8 37. Rc1 1-0

[Event "HUN-chT2 Toth 1415"]
[Site "Hungary"]
[Date "2014.10.12"]
[Round "3.3"]
[White "Olah, Gabor Mihaly"]
[Black "Borus, Andras"]
[Result "1-0"]
[WhiteElo "2008"]
[BlackElo "2060"]
[PlyCount "97"]
[EventDate "2014.09.07"]
[EventType "team-tourn"]
[EventRounds "11"]
[EventCountry "HUN"]
[SourceTitle "EXT 2016"]
[Source "ChessBase"]
[SourceDate "2015.10.08"]
[SourceVersion "1"]
[SourceVersionDate "2015.10.08"]
[SourceQuality "1"]
[WhiteTeam "Bekes"]
[BlackTeam "Maroczy II"]
[WhiteTeamCountry "HUN"]
[BlackTeamCountry "HUN"]

1. d4 Nf6 2. c4 g6 3. Nc3 Bg7 4. e4 d6 5. f3 c5 6. d5 0-0 7. Be3 e6 8. Qd2 exd5 9. cxd5 a6 10. a4 Qa5 11. Bh6 Re8 12. Bxg7 Kxg7 13. Nge2 Nbd7 14. h4 Ne5 15. Nf4 b5 16. h5 Bf5 17. Be2 b4 18. Nd1 Bxe4 19. fxe4 Nxe4 20. Qe3 Nf6 21. hxg6 hxg6 22. 0-0 Qc7 23. Nf2 Rh8 24. Qg3 a5 25. N2d3 Rae8 26. Rae1 Nc4 27. Bf3 Nd2 28. Rxe8 Nxf1 29. Qxg6+ fxg6 30. Ne6+ Kf7 31. Rxh8 Qb6 32. Kxf1 c4 33. Ndf4 c3 34. bxc3 b3 35. Rf8+ Ke7 36. Nxg6+ Kd7 37. Rxf6 b2 38. Be4 b1Q+ 39. Bxb1 Qxb1+ 40. Kf2 Qc2+ 41. Kg1 Qc1+ 42. Kh2 Kc8 43. Nef4 Qxc3 44. Rxd6 Qb4 45. Rc6+ Kd7 46. Ra6 Qxa4 47. d6 Qb5 48. Nf8+ Kd8 49. d7 1-0

[Event "HUN-chT2 Toth 1314"]
[Site "Hungary"]
[Date "2014.04.13"]
[Round "10.1"]
[White "Borus, Andras"]
[Black "Karsai, Istvan"]
[Result "1/2-1/2"]
[WhiteElo "2069"]
[BlackElo "2111"]
[PlyCount "28"]
[EventDate "2013.09.08"]
[EventType "team-tourn"]
[EventRounds "11"]
[EventCountry "HUN"]
[SourceTitle "EXT 2016"]
[Source "ChessBase"]
[SourceDate "2015.10.08"]
[SourceVersion "1"]
[SourceVersionDate "2015.10.08"]
[SourceQuality "1"]
[WhiteTeam "Szeged Maroczy II"]
[BlackTeam "Csongrad Felegyhaza"]
[WhiteTeamCountry "HUN"]
[BlackTeamCountry "HUN"]

1. e4 c5 2. d3 Nc6 3. g3 g6 4. Bg2 Bg7 5. Nc3 Rb8 6. Be3 d6 7. Nge2 Nd4 8. 0-0 b5 9. Qd2 b4 10. Nd1 h5 11. f3 Bd7 12. c3 Nxe2+ 13. Qxe2 bxc3 14. bxc3 Qa5 1/2-1/2

[Event "HUN-chT2 Toth 1314"]
[Site "Hungary"]
[Date "2014.02.16"]
[Round "7.3"]
[White "Borus, Andras"]
[Black "Salanki, Endre"]
[Result "1/2-1/2"]
[WhiteElo "2069"]
[BlackElo "2246"]
[PlyCount "27"]
[EventDate "2013.09.08"]
[EventType "team-tourn"]
[EventRounds "11"]
[EventCountry "HUN"]
[SourceTitle "EXT 2016"]
[Source "ChessBase"]
[SourceDate "2015.10.08"]
[SourceVersion "1"]
[SourceVersionDate "2015.10.08"]
[SourceQuality "1"]
[WhiteTeam "Szeged Maroczy II"]
[BlackTeam "Toth Laszlo II"]
[WhiteTeamCountry "HUN"]
[BlackTeamCountry "HUN"]

1. e4 c5 2. Nc3 Nc6 3. g3 g6 4. Bg2 Bg7 5. d3 d6 6. Nge2 e6 7. Be3 Nd4 8. 0-0 Ne7 9. Qd2 0-0 10. Rae1 Rb8 11. Nc1 b5 12. Nd1 e5 13. c3 Ne6 14. f4 1/2-1/2

[Event "HUN-chT2 Toth 1314"]
[Site "Hungary"]
[Date "2013.09.22"]
[Round "2.2"]
[White "Borus, Andras"]
[Black "Olah, Gabor Mihaly"]
[Result "1-0"]
[WhiteElo "2069"]
[BlackElo "2011"]
[PlyCount "85"]
[EventDate "2013.09.08"]
[EventType "team-tourn"]
[EventRounds "11"]
[EventCountry "HUN"]
[SourceTitle "EXT 2016"]
[Source "ChessBase"]
[SourceDate "2015.10.08"]
[SourceVersion "1"]
[SourceVersionDate "2015.10.08"]
[SourceQuality "1"]
[WhiteTeam "Szeged Maroczy II"]
[BlackTeam "Bekes"]
[WhiteTeamCountry "HUN"]
[BlackTeamCountry "HUN"]

1. Nf3 d5 2. g3 Nf6 3. Bg2 g6 4. d3 Bg7 5. Nbd2 0-0 6. 0-0 c6 7. e4 Bg4 8. h3 Bxf3 9. Qxf3 Nbd7 10. Qe2 e5 11. b3 Re8 12. a4 d4 13. Nf3 h6 14. Nh2 Kh7 15. h4 Nc5 16. Bd2 Ne6 17. Qf3 Qe7 18. Bh3 Rab8 19. Kh1 Kg8 20. Rg1 b5 21. Qg2 Nh5 22. Bg4 Nf6 23. Be2 a6 24. axb5 axb5 25. Raf1 Nd7 26. Qh3 f6 27. f4 Nef8 28. Ng4 Kh7 29. f5 c5 30. fxg6+ Nxg6 31. Rf5 Rb6 32. Rgf1 Ndf8 33. Rh5 Kg8 34. Bxh6 Ra6 35. Bxg7 Kxg7 36. Nh6 Qa7 37. Ng4 Ree6 38. Rhf5 Ra1 39. h5 Rxf1+ 40. Qxf1 Ne7 41. Rxf6 Qa8 42. Rxe6 Nxe6 43. Qf6+ 1-0

[Event "HUN-chT2 Toth 1011"]
[Site "Hungary"]
[Date "2011.04.10"]
[Round "8.6"]
[White "Borus, Andras"]
[Black "Bihari, Mihaly"]
[Result "1-0"]
[WhiteElo "2101"]
[BlackElo "2030"]
[PlyCount "87"]
[EventDate "2010.09.12"]
[EventType "team-tourn"]
[EventRounds "11"]
[EventCountry "HUN"]
[SourceTitle "EXT 2012"]
[Source "ChessBase"]
[SourceDate "2011.11.24"]
[SourceVersion "1"]
[SourceVersionDate "2011.11.24"]
[SourceQuality "1"]
[WhiteTeam "Maroczy II"]
[BlackTeam "Abony"]
[WhiteTeamCountry "HUN"]
[BlackTeamCountry "HUN"]

1. e4 c5 2. Nc3 Nc6 3. g3 g6 4. Bg2 Bg7 5. d3 e6 6. Be3 b6 7. Qd2 Bb7 8. Nge2 Nf6 9. Bh6 Bxh6 10. Qxh6 Ng4 11. Qf4 Nge5 12. h3 Qe7 13. Qe3 d6 14. f4 Nd7 15. 0-0 0-0 16. g4 f6 17. Rf2 Rab8 18. Re1 f5 19. exf5 exf5 20. Bd5+ Kh8 21. Qxe7 Nxe7 22. Bxb7 Rxb7 23. Nb5 Nc8 24. gxf5 Rxf5 25. Ng3 Rf8 26. Re6 d5 27. f5 gxf5 28. Rxf5 a6 29. Nc3 Rg8 30. Kh2 Nf8 31. Ref6 Ne7 32. Rxf8 Nxf5 33. Rxf5 Rbg7 34. Rf3 Rg5 35. Nce2 Re8 36. h4 Rge5 37. Rf2 Kg7 38. Kg2 b5 39. Nf4 c4 40. d4 Re4 41. Nfh5+ Kh8 42. Nxe4 dxe4 43. c3 h6 44. Re2 1-0

[Event "HUN-chT2 Toth 1011"]
[Site "Hungary"]
[Date "2011.03.27"]
[Round "7.4"]
[White "Borus, Andras"]
[Black "Lorinc, Sandor"]
[Result "1-0"]
[WhiteElo "2101"]
[BlackElo "2153"]
[PlyCount "39"]
[EventDate "2010.09.12"]
[EventType "team-tourn"]
[EventRounds "11"]
[EventCountry "HUN"]
[SourceTitle "EXT 2012"]
[Source "ChessBase"]
[SourceDate "2011.11.24"]
[SourceVersion "1"]
[SourceVersionDate "2011.11.24"]
[SourceQuality "1"]
[WhiteTeam "Maroczy II"]
[BlackTeam "Gyula"]
[WhiteTeamCountry "HUN"]
[BlackTeamCountry "HUN"]

1. e4 c5 2. Nf3 e6 3. d3 d5 4. Nbd2 Nc6 5. g3 Nf6 6. Bg2 Be7 7. 0-0 0-0 8. Re1 b5 9. e5 Nd7 10. Nf1 Qc7 11. Bf4 Rd8 12. h4 Bf8 13. h5 Bb7 14. N1h2 Nb6 15. Ng4 h6 16. Qd2 Kh7 17. d4 Nxd4 18. Nxd4 cxd4 19. Bxh6 Be7 20. Bxg7 1-0